Pensar desde la ciencia /

Gespeichert in:
Bibliographische Detailangaben
1. Verfasser: Moya, Andrés (autor)
Format: Buch
Sprache:Spanisch
Veröffentlicht: Madrid, España : Trotta, 2008, c2008
Schriftenreihe:(Mínima Trotta)
Schlagworte:
Tags: Tag hinzufügen
Keine Tags, Fügen Sie das erste Tag hinzu!

MARC

LEADER 00000nam^a2200000^a^4500
001 000380579
005 20250521000000.0
009 20260310120609.942
020 |a 978-84-9879-142-6 
037 |a Acervo ITESO - Biblioteca 
041 |a ESP 
082 |a 121.  |b MOY 
100 |a Moya, Andrés  |e (autor) 
245 1 0 |a Pensar desde la ciencia /  |c A. Moya. 
264 4 |a Madrid, España :  |b Trotta,  |c 2008, c2008 
300 |a 108 p. 
336 |a texto  |b txt  |2 rdacontenido 
337 |a sin mediación  |b n  |2 rdamedio 
338 |a volumen  |b nc  |2 rdasoporte 
440 1 |a (Mínima Trotta) 
649 |a XX 
650 |a Humanismo 
650 |a Etica Científica 
650 |a Filosofía de la Ciencia -  |x Tema Principal 
650 |a Filosofía 
910 |a Fondo General 
920 |a Impresos - Libros 
930 |a Colección General 
905 |a 101 
901 |a 0500275382  |b IT1  |c ACC  |i C152034  |u 20250521 
902 |a https://opac.biblio.iteso.mx/vufind/Record/000380579